| 000 -LEADER |
| fixed length control field |
02786cam a2200253Ma 4500 |
| 020 ## - INTERNATIONAL STANDARD BOOK NUMBER |
| ISBN |
9781475539967 |
| 020 ## - INTERNATIONAL STANDARD BOOK NUMBER |
| ISBN |
1513599542 |
| 020 ## - INTERNATIONAL STANDARD BOOK NUMBER |
| ISBN |
9781513599540 |
| 020 ## - INTERNATIONAL STANDARD BOOK NUMBER |
| ISBN |
1475539967 |
| 040 ## - CATALOGING SOURCE |
| Transcribing agency |
OTZ |
| 082 ## - DEWEY DECIMAL CLASSIFICATION NUMBER |
| Classification number |
330 IMF 2016 C275 Or. |
| 110 2# - MAIN ENTRY--CORPORATE NAME |
| Corporate name or jurisdiction name as entry element |
International Monetary Fund. |
| 245 10 - TITLE STATEMENT |
| Title |
World Economic Outlook, October 2016 : |
| Remainder of title |
Subdued Demand: Symptoms and Remedies |
| 300 ## - PHYSICAL DESCRIPTION |
| Number of Pages |
1 online resource (288 pages) |
| 490 1# - SERIES STATEMENT |
| Series statement |
World Economic Outlook, |
| 520 3# - SUMMARY, ETC. |
| Summary, etc |
According to the October 2016 "World Economic Outlook," global growth is projected to slow to 3.1 percent in 2016 before recovering to 3.4 percent in 2017. The forecast, revised down by 0.1 percentage point for 2016 and 2017 relative to April's report, reflects a more subdued outlook for advanced economies following the June U.K. vote in favor of leaving the European Union (Brexit) and weaker-than-expected growth in the United States. These developments have put further downward pressure on global interest rates, as monetary policy is now expected to remain accommodative for longer. Although the market reaction to the Brexit shock was reassuringly orderly, the ultimate impact remains very unclear, as the fate of institutional and trade arrangements between the United Kingdom and the European Union is uncertain. Financial market sentiment toward emerging market economies has improved with expectations of lower interest rates in advanced economies, reduced concern about China's near-term prospects following policy support to growth, and some firming of commodity prices. But prospects differ sharply across countries and regions, with emerging Asia in general and India in particular showing robust growth and sub-Saharan Africa experiencing a sharp slowdown. In advanced economies, a subdued outlook subject to sizable uncertainty and downside risks may fuel further political discontent, with anti-integration policy platforms gaining more traction. Several emerging market and developing economies still face daunting policy challenges in adjusting to weaker commodity prices. These worrisome prospects make the need for a broad-based policy response to raise growth and manage vulnerabilities more urgent than ever |
| 710 2# - ADDED ENTRY--CORPORATE NAME |
| Corporate name or jurisdiction name as entry element |
International Monetary Fund. |
| 710 2# - ADDED ENTRY--CORPORATE NAME |
| Corporate name or jurisdiction name as entry element |
Ohio Library and Information Network. |
| 856 40 - ELECTRONIC LOCATION AND ACCESS |
| Uniform Resource Identifier |
http://elibrary.imf.org/view/IMF081/23490-9781513599540/23490-9781513599540/23490-9781513599540.xml |
| 856 40 - ELECTRONIC LOCATION AND ACCESS |
| Uniform Resource Identifier |
http://elibrary.imf.org/view/IMF081/23490-9781475550832/23490-9781475550832/23490-9781475550832.xml |
| 856 40 - ELECTRONIC LOCATION AND ACCESS |
| Uniform Resource Identifier |
http://elibrary.imf.org/view/IMF081/23490-9781475550764/23490-9781475550764/23490-9781475550764.xml |
| 856 40 - ELECTRONIC LOCATION AND ACCESS |
| Uniform Resource Identifier |
http://elibrary.imf.org/view/IMF081/23490-9781475550740/23490-9781475550740/23490-9781475550740.xml |
| 942 ## - ADDED ENTRY ELEMENTS (KOHA) |
| Koha item type |
ADB |
| 952 ## - LOCATION AND ITEM INFORMATION (KOHA) |
| Withdrawn status [LOCAL, KOHA] |
0 |